Döntést támogató applikáció

Elmentve itt :
Bibliográfiai részletek
További közreműködők: Nagy Margit
Dokumentumtípus: Cikk
Megjelent: 2026-02-17
Sorozat:Kossuth Rádió
Kulcsszavak:Rádiós interjú - Kossuth Rádió - 180 perc, Pásztor Pál - klinikai szakorvos - osztályvezető-helyettes, Gyermekintenzív Osztály, Gyermekgyógyászati Klinika és Gyermekegészségügyi Központ, Szent-Györgyi Albert Klinikai Központ - SZAKK, Betegellátás - gyermekintenzív ellátás - altatók - fájdalomcsillapítok - leszoktatás, Betegellátás - személyre szabott orvoslás, Fejlesztés - döntést támogató applikáció, Mesterséges intelligencia (MI) - artificial intelligence (AI), Szabadalmi bejelentés - szabadalom,
Online Access:http://univ.bibl.u-szeged.hu/76744
LEADER 01148nab a2200181 i 4500
001 univ76744
005 20260218151505.0
008 260218s2026 hu o 000 hun d
040 |a SZTE UnivHistória Repozitórium  |b hun 
041 |a hun 
245 0 0 |a Döntést támogató applikáció  |h [elektronikus dokumentum] 
260 |c 2026-02-17 
490 0 |a Kossuth Rádió 
561 |a Egyetemi hirarchívum 
695 |a Rádiós interjú - Kossuth Rádió - 180 perc, Pásztor Pál - klinikai szakorvos - osztályvezető-helyettes, Gyermekintenzív Osztály, Gyermekgyógyászati Klinika és Gyermekegészségügyi Központ, Szent-Györgyi Albert Klinikai Központ - SZAKK, Betegellátás - gyermekintenzív ellátás - altatók - fájdalomcsillapítok - leszoktatás, Betegellátás - személyre szabott orvoslás, Fejlesztés - döntést támogató applikáció, Mesterséges intelligencia (MI) - artificial intelligence (AI), Szabadalmi bejelentés - szabadalom, 
700 0 1 |a Nagy Margit 
856 4 0 |u http://univ.bibl.u-szeged.hu/76744/1/15574651.mp3  |z Dokumentum-elérés  
856 4 0 |u http://univ.bibl.u-szeged.hu/76744/2/imedias3.com.pdf  |z Dokumentum-elérés